| 000 | 00715nam a2200217 a 4500 | ||
|---|---|---|---|
| 001 | 000028226 | ||
| 003 | DO-SdBNP | ||
| 005 | 20251030102813.0 | ||
| 008 | 110407s1944 dr 001 0 spa d | ||
| 040 |
_aDO-SdBNP _bspa _cBNPHU |
||
| 049 | _aBNPD | ||
| 082 |
_a320.987 _bB641v |
||
| 100 | 1 |
_aBlanco Fombona, Horacio, _d1989-1948 _954773 |
|
| 245 | 1 | 3 |
_aLa Venezuela de ayer contra la Venezuela de mañana / _cHoracio Blanco Fombona. |
| 260 |
_aCiudad Trujillo, República Dominicana : _bMontalvo, _c1944. |
||
| 300 |
_a110 p. ; _a18 cm. |
||
| 651 | 0 |
_aVenezuela _xPolítica y gobierno _926230 |
|
| 651 | 4 |
_aVenezuela _xHistoria _ySiglo XX _95085 |
|
| 910 | _aValidado. Control de calidad EMS. | ||
| 942 |
_2ddc _cLBS1 |
||
| 999 |
_c27718 _d27718 |
||